000 00592nam a2200193Ia 4500
005 20250508151004.0
008 008 250505s9999 xx 000 0 eng d
037 _aTextual
040 _aFEDL
_beng
_cFEDL
041 _aeng
_2eng
084 _a370.19, ARN
_qFEDL
100 _aArndt Charistian O. Ed.
_9758123
245 0 _aEducation for a world society : Promising Practices today
260 _aNew York, USA
_bHarper and Brothers Publishers
_c1951
300 _aviii,273p.
650 _aEducation-Sociology
942 _cTEXL
_h370.19, ARN
999 _c1326891
_d1326891